: قدیم ہندوستان کی ثقافت و تہذیب (Record no. 109355)
[ view plain ]
| 000 -LEADER | |
|---|---|
| fixed length control field | 01118nam a22002537a 4500 |
| 005 - DATE AND TIME OF LATEST TRANSACTION | |
| control field | 20170123162352.0 |
| 010 ## - LIBRARY OF CONGRESS CONTROL NUMBER | |
| LC control number | 978544 |
| 020 ## - INTERNATIONAL STANDARD BOOK NUMBER | |
| Terms of availability | 13.00 |
| 035 ## - SYSTEM CONTROL NUMBER | |
| System control number | 978544 |
| 037 ## - SOURCE OF ACQUISITION | |
| Source of stock number/acquisition | Cen Lib/Ret |
| 040 ## - CATALOGING SOURCE | |
| Original cataloging agency | DPL |
| Language of cataloging | UR |
| 082 ## - DEWEY DECIMAL CLASSIFICATION NUMBER | |
| Classification number | 954.01 |
| Item number | ک و س |
| 100 ## - MAIN ENTRY--PERSONAL NAME | |
| Personal name | کوسبمی، ڈی.ڈی |
| 9 (RLIN) | 137483 |
| 245 ## - TITLE STATEMENT | |
| Title | : قدیم ہندوستان کی ثقافت و تہذیب |
| Statement of responsibility, etc | ڈی.ڈی. کوسبمی [اور] مترجم بالمکند عرش ملیسانی |
| Remainder of title | / تاریخی پس منظر میں |
| 246 ## - VARYING FORM OF TITLE | |
| Title proper/short title | Qadim Hidustan ki sqafat w tehzib: tarikhi pasmanzar main / |
| Remainder of title | by D.D. Kosabmi and translated by Balmknd Arsh Malysany |
| 260 ## - PUBLICATION, DISTRIBUTION, ETC. (IMPRINT) | |
| Place of publication, distribution, etc | نئی دہلی |
| Name of publisher, distributor, etc | ترقی اردو بیورو |
| Date of publication, distribution, etc | 1979 |
| 270 ## - ADDRESS | |
| Address | ڈائرکڑئز في اردو بیوروا'وبٹ بلا کت8 آر کے پور م |
| City | نئی دہلی |
| 300 ## - PHYSICAL DESCRIPTION | |
| Extent | 319p. |
| Dimensions | 21cm(Hb) |
| 650 ## - SUBJECT ADDED ENTRY--TOPICAL TERM | |
| Topical term or geographic name as entry element | ہندوستانی تاریخ |
| 9 (RLIN) | 410 |
| 650 ## - SUBJECT ADDED ENTRY--TOPICAL TERM | |
| Topical term or geographic name as entry element | قدیم ہندوستان کی ثقافت و تہذیب |
| 9 (RLIN) | 137484 |
| 650 ## - SUBJECT ADDED ENTRY--TOPICAL TERM | |
| Topical term or geographic name as entry element | Indian history |
| 9 (RLIN) | 137485 |
| 650 ## - SUBJECT ADDED ENTRY--TOPICAL TERM | |
| Topical term or geographic name as entry element | Ancient Indian culture |
| 9 (RLIN) | 137486 |
| 942 ## - ADDED ENTRY ELEMENTS (KOHA) | |
| Source of classification or shelving scheme | Dewey Decimal Classification |
| Koha item type | Urdu Bks |
| Classification part | 954.01 |
| Call number suffix | ک و س |
| Withdrawn status | Lost status | Damaged status | Not for loan | Home library | Current library | Date acquired | Source of acquisition | Cost, normal purchase price | Total Checkouts | Full call number | Barcode | Date last seen | Date checked out | Copy number | Cost, replacement price | Price effective from | Koha item type |
|---|---|---|---|---|---|---|---|---|---|---|---|---|---|---|---|---|---|
| Central Library | Central Library | 05/03/2016 | Cen Lib/Ref | 13.00 | 1 | 954.01 ک و س | 978544 | 28/01/2019 | 16/01/2019 | 1 | 13.00 | 05/03/2016 | Urdu Bks |
